[Event "DSM WK M 2012"]
[Site "Karlsruhe GER"]
[Date "2012.05.05"]
[Round "6"]
[White "Krtschil, Anna"]
[Black "Mehling, Katharina"]
[Result "1/2-1/2"]
[Termination "normal"]
[Board "1.1"]
[WhiteElo "1524"]
[BlackElo "1714"]
[WhiteTeam "Salza Gymnasium Bad Langensalza"]
[BlackTeam "Johann-Schöner-Gymnasium Karlstadt"]
[PlyCount "71"]
[WhiteFideId "4611144"]
[BlackFideId "12900362"]
[EventCountry "GER"]
[EventRounds "7"]
[EventType "team-swiss"]
[EventDate "2012.05.03"]

1. e4 d6 2. d4 Nf6 3. Nc3 g6 4. f3 Bg7 5. Be3 O-O 6. Bc4 c6 7. Nge2 Nbd7 8. Qd2
b5 9. Bd3 a5 10. Bh6 Qb6 11. h4 a4 12. g4 b4 13. Nd1 c5 14. h5 cxd4 15. hxg6
fxg6 16. Bxg7 Kxg7 17. Qh6+ Kh8 18. e5 Nxe5 19. Qxf8+ Ng8 20. Nf4 d5 21. Rh6
Bb7 22. Nxg6+ Nxg6 23. Bxg6 Qxg6 24. Rxg6 Rxf8 25. Rb6 Bc8 26. Ke2 Bd7 27. Rxb4
e5 28. Nf2 Nf6 29. Rh1 Rc8 30. Kd3 Be8 31. c4 Bg6+ 32. Kd2 dxc4 33. Rxa4 c3+
34. bxc3 dxc3+ 35. Kc1 Rb8 36. Ne4 1/2-1/2

[Event "DSM WK M 2012"]
[Site "Karlsruhe GER"]
[Date "2012.05.05"]
[Round "6"]
[White "Mehling, Franziska"]
[Black "Halle, Julia"]
[Result "1-0"]
[Termination "normal"]
[Board "1.2"]
[WhiteElo "1691"]
[BlackElo "1312"]
[WhiteTeam "Johann-Schöner-Gymnasium Karlstadt"]
[BlackTeam "Salza Gymnasium Bad Langensalza"]
[PlyCount "41"]
[WhiteFideId "12900133"]
[BlackFideId "24694940"]
[EventCountry "GER"]
[EventRounds "7"]
[EventType "team-swiss"]
[EventDate "2012.05.03"]

1. e4 d6 2. d4 g6 3. Nc3 Nf6 4. f3 c6 5. Be3 Nbd7 6. Qd2 e5 7. Nge2 Qe7 8.
O-O-O b5 9. dxe5 dxe5 10. g4 h5 11. g5 Nh7 12. h4 Bg7 13. Bh3 Nhf8 14. Rhf1 Ne6
15. f4 exf4 16. Nxf4 Nxf4 17. Bxf4 Bxc3 18. Qxc3 Rf8 19. Qxc6 Kd8 20. Bd6 Qe8
21. Qc7# 1-0

[Event "DSM WK M 2012"]
[Site "Karlsruhe GER"]
[Date "2012.05.05"]
[Round "6"]
[White "Mehling, Theresa"]
[Black "Schirrmeister, Laura"]
[Result "1/2-1/2"]
[Termination "normal"]
[Board "1.4"]
[WhiteElo "815"]
[BlackElo "1135"]
[WhiteTeam "Johann-Schöner-Gymnasium Karlstadt"]
[BlackTeam "Salza Gymnasium Bad Langensalza"]
[PlyCount "25"]
[BlackFideId "24694967"]
[EventCountry "GER"]
[EventRounds "7"]
[EventType "team-swiss"]
[EventDate "2012.05.03"]

1. e4 d6 2. d4 g6 3. Nc3 Bg7 4. f3 Nc6 5. Be3 Bd7 6. Qd2 e6 7. O-O-O Qe7 8. g4
O-O-O 9. h4 h5 10. g5 f6 11. Be2 f5 12. Qd3 Nb4 13. Qc4 1/2-1/2

[Event "DSM WK M 2012"]
[Site "Karlsruhe GER"]
[Date "2012.05.05"]
[Round "6"]
[White "Heinemann, Josefine"]
[Black "Brandl, Lea Maria"]
[Result "1/2-1/2"]
[Termination "normal"]
[Board "2.1"]
[WhiteElo "1850"]
[BlackElo "1712"]
[WhiteTeam "Werner-von-Siemens-Gymnasium Magdeburg"]
[BlackTeam "Marienschule Limburg"]
[PlyCount "28"]
[WhiteFideId "12900460"]
[BlackFideId "24693049"]
[EventCountry "GER"]
[EventRounds "7"]
[EventType "team-swiss"]
[EventDate "2012.05.03"]

1. e4 c5 2. Nf3 d6 3. d4 cxd4 4. Nxd4 Nf6 5. Nc3 a6 6. Be3 e5 7. Nb3 Be7 8. f3
Be6 9. Qd2 Nbd7 10. O-O-O O-O 11. g4 b5 12. g5 b4 13. gxf6 bxc3 14. Qxc3 Nxf6
1/2-1/2

[Event "DSM WK M 2012"]
[Site "Karlsruhe GER"]
[Date "2012.05.05"]
[Round "6"]
[White "Liez, Franziska"]
[Black "Peschos, Celine"]
[Result "1/2-1/2"]
[Termination "normal"]
[Board "2.2"]
[WhiteElo "1726"]
[BlackElo "1460"]
[WhiteTeam "Marienschule Limburg"]
[BlackTeam "Werner-von-Siemens-Gymnasium Magdeburg"]
[PlyCount "34"]
[WhiteFideId "1271766"]
[EventCountry "GER"]
[EventRounds "7"]
[EventType "team-swiss"]
[EventDate "2012.05.03"]

1. e4 e5 2. Nf3 Nc6 3. Nc3 Nf6 4. d4 exd4 5. Nxd4 Bc5 6. Be3 Bxd4 7. Bxd4 d6 8.
Bc4 Be6 9. Bb3 O-O 10. O-O Re8 11. Re1 Bxb3 12. axb3 a6 13. Qd2 Ne5 14. h3 c6
15. Rad1 Qe7 16. f4 Ng6 17. Bf2 Rad8 1/2-1/2

[Event "DSM WK M 2012"]
[Site "Karlsruhe GER"]
[Date "2012.05.05"]
[Round "6"]
[White "Zander, Carolin"]
[Black "Liez, Tatjana"]
[Result "0-1"]
[Termination "normal"]
[Board "2.3"]
[WhiteElo "800"]
[BlackElo "1500"]
[WhiteTeam "Werner-von-Siemens-Gymnasium Magdeburg"]
[BlackTeam "Marienschule Limburg"]
[PlyCount "68"]
[BlackFideId "1271769"]
[EventCountry "GER"]
[EventRounds "7"]
[EventType "team-swiss"]
[EventDate "2012.05.03"]

1. e4 e5 2. Nf3 Nc6 3. Bc4 Bc5 4. d3 h6 5. Be3 Bb6 6. Nc3 d6 7. d4 exd4 8. Nxd4
Ne5 9. Qe2 Nf6 10. f3 O-O 11. O-O-O Qe8 12. g4 Nxc4 13. Qxc4 Be6 14. Qe2 Nd7
15. h4 Bxd4 16. Bxd4 Ne5 17. Bxe5 dxe5 18. Rhg1 Rd8 19. Rxd8 Qxd8 20. g5 h5 21.
g6 Qxh4 22. gxf7+ Rxf7 23. Qe1 Qxe1+ 24. Rxe1 Rxf3 25. Nb5 a6 26. Nxc7 Bd7 27.
Nd5 Kf7 28. Rh1 g6 29. Nb6 Bc6 30. Nc4 Ke6 31. Re1 Rf4 32. Nd2 g5 33. Re3 g4
34. Kd1 h4 0-1

[Event "DSM WK M 2012"]
[Site "Karlsruhe GER"]
[Date "2012.05.05"]
[Round "6"]
[White "Heinz, Michelle"]
[Black "Döring, Saskia"]
[Result "1-0"]
[Termination "normal"]
[Board "2.4"]
[WhiteElo "1234"]
[BlackElo "800"]
[WhiteTeam "Marienschule Limburg"]
[BlackTeam "Werner-von-Siemens-Gymnasium Magdeburg"]
[PlyCount "81"]
[WhiteFideId "1271782"]
[EventCountry "GER"]
[EventRounds "7"]
[EventType "team-swiss"]
[EventDate "2012.05.03"]

1. e4 e5 2. Nf3 Nc6 3. Nc3 Nf6 4. Bb5 Bc5 5. Bxc6 bxc6 6. Nxe5 d6 7. Nxc6 Qd7
8. Na5 Ba6 9. d3 O-O 10. a3 Rfe8 11. O-O d5 12. Nb3 Qd6 13. exd5 Nxd5 14. Nxd5
Qxd5 15. Bf4 Bd6 16. Bxd6 cxd6 17. Re1 Bb7 18. f3 Re6 19. Rxe6 fxe6 20. Qd2 Bc6
21. c4 Qe5 22. Re1 Qf5 23. Nd4 Qc5 24. Qe3 e5 25. Nxc6 Qxc6 26. Qe4 Qc5+ 27.
Kf1 Rb8 28. Qd5+ Kf8 29. Qxc5 dxc5 30. Rxe5 Rc8 31. Ke2 Rb8 32. Kf1 Rxb2 33.
Rxc5 Rb7 34. Re5 Rb3 35. d4 Rxa3 36. c5 Ra6 37. d5 Rf6 38. d6 Rf7 39. c6 Kg8
40. d7 Rf8 41. Re8 1-0

[Event "DSM WK M 2012"]
[Site "Karlsruhe GER"]
[Date "2012.05.05"]
[Round "6"]
[White "Krein, Jana"]
[Black "Schnepper, Pauline"]
[Result "1-0"]
[Termination "normal"]
[Board "3.1"]
[WhiteElo "1362"]
[BlackElo "1596"]
[WhiteTeam "Auguste-Viktoria-Gymnasium Trier"]
[BlackTeam "Friedrich-Dessauer-Gymnasium Aschaffenburg"]
[PlyCount "61"]
[WhiteFideId "12937762"]
[BlackFideId "12918040"]
[EventCountry "GER"]
[EventRounds "7"]
[EventType "team-swiss"]
[EventDate "2012.05.03"]

1. e4 c6 2. d4 d5 3. exd5 cxd5 4. Nf3 Bg4 5. Bf4 Nc6 6. Bb5 Qb6 7. Nc3 a6 8.
Nxd5 Qa5+ 9. b4 Qd8 10. Bxc6+ bxc6 11. Nc7+ Kd7 12. Nxa8 Bxf3 13. Qxf3 Qxa8 14.
O-O e6 15. c3 Ne7 16. Bg3 Nd5 17. Qxf7+ Ne7 18. Rfe1 Qb7 19. Qxe6+ Kd8 20. Qd6+
Qd7 21. Qb8+ Qc8 22. Qb6+ Ke8 23. Bd6 Kf7 24. Qa7 Qd8 25. Bxe7 Bxe7 26. Qxa6
Qd5 27. Re3 Rd8 28. Rae1 Bf6 29. Qe2 Qd7 30. Qh5+ Kg8 31. Re8+ 1-0

[Event "DSM WK M 2012"]
[Site "Karlsruhe GER"]
[Date "2012.05.05"]
[Round "6"]
[White "Mertes, Kathrin"]
[Black "Künstler, Tabea"]
[Result "0-1"]
[Termination "normal"]
[Board "3.3"]
[WhiteElo "1085"]
[BlackElo "1357"]
[WhiteTeam "Auguste-Viktoria-Gymnasium Trier"]
[BlackTeam "Friedrich-Dessauer-Gymnasium Aschaffenburg"]
[PlyCount "62"]
[EventCountry "GER"]
[EventRounds "7"]
[EventType "team-swiss"]
[EventDate "2012.05.03"]

1. e4 e6 2. Nc3 d5 3. exd5 exd5 4. Nf3 Nf6 5. d4 Bb4 6. Bg5 Bxc3+ 7. bxc3 Bg4
8. c4 c6 9. Qd3 Qa5+ 10. Nd2 Ne4 11. Be3 Bf5 12. Qe2 O-O 13. Qd1 Re8 14. Be2
Nc3 15. Qc1 Nxe2 16. Kxe2 dxc4 17. Nxc4 Qb5 18. Re1 Qxc4+ 19. Kd2 Nd7 20. Re2
c5 21. dxc5 Nxc5 22. Ke1 Rad8 23. Rb1 h6 24. a3 b6 25. Rb4 Qc3+ 26. Bd2 Rxe2+
27. Kxe2 Qxc2 28. Qxc2 Bxc2 29. Rc4 Bd3+ 30. Kf3 Bxc4 31. Be3 Rd3 0-1

[Event "DSM WK M 2012"]
[Site "Karlsruhe GER"]
[Date "2012.05.05"]
[Round "6"]
[White "Fuks, Polina"]
[Black "Mauel, Valeria"]
[Result "1/2-1/2"]
[Termination "normal"]
[Board "3.4"]
[WhiteElo "1231"]
[BlackElo "1051"]
[WhiteTeam "Friedrich-Dessauer-Gymnasium Aschaffenburg"]
[BlackTeam "Auguste-Viktoria-Gymnasium Trier"]
[PlyCount "50"]
[EventCountry "GER"]
[EventRounds "7"]
[EventType "team-swiss"]
[EventDate "2012.05.03"]

1. e4 e5 2. Nf3 Nc6 3. Bb5 Bc5 4. O-O d6 5. Nc3 Bg4 6. Be2 Qf6 7. Nd5 Qd8 8. d3
h6 9. Be3 Nf6 10. Nxf6+ Qxf6 11. Bxc5 dxc5 12. Nd2 Be6 13. Bg4 O-O 14. Bxe6
fxe6 15. Nf3 Qg6 16. Qe2 Rf7 17. Nd2 Nd4 18. Qd1 Raf8 19. c3 Nf3+ 20. Nxf3 Rxf3
21. Qe2 h5 22. Kh1 R3f6 23. f3 Qg5 24. Rad1 h4 25. Qd2 Qh5 1/2-1/2

[Event "DSM WK M 2012"]
[Site "Karlsruhe GER"]
[Date "2012.05.05"]
[Round "6"]
[White "Evers, Annika"]
[Black "Zelbel, Jacqueline"]
[Result "1-0"]
[Termination "normal"]
[Board "4.1"]
[WhiteElo "1774"]
[BlackElo "1255"]
[WhiteTeam "Athenaeum Stade"]
[BlackTeam "Immanuel-Kant-Gymnasium Dortmund"]
[PlyCount "77"]
[WhiteFideId "24691933"]
[EventCountry "GER"]
[EventRounds "7"]
[EventType "team-swiss"]
[EventDate "2012.05.03"]

1. d4 d5 2. Nf3 Nf6 3. e3 Bg4 4. Nbd2 e6 5. Be2 Bd6 6. O-O O-O 7. b3 Nbd7 8.
Bb2 Rb8 9. Re1 b5 10. Nf1 c6 11. Ng3 h6 12. h3 Bxf3 13. Bxf3 Qc7 14. Nf1 Ne4
15. Nd2 Nxd2 16. Qxd2 Nf6 17. Rac1 Rfe8 18. c4 bxc4 19. bxc4 Bb4 20. Bc3 Bxc3
21. Qxc3 Qd7 22. Rc2 Rec8 23. Rec1 Rb6 24. cxd5 exd5 25. a4 Qc7 26. Be2 Ne4 27.
Qa3 a5 28. f3 Nd6 29. Qc5 Nb7 30. Qxd5 cxd5 31. Rxc7 Rxc7 32. Rxc7 Rb4 33. Rd7
Kf8 34. Ba6 Ke8 35. Rxb7 Rxb7 36. Bxb7 f6 37. Bxd5 Kd7 38. Kf2 g5 39. Ke2 1-0

[Event "DSM WK M 2012"]
[Site "Karlsruhe GER"]
[Date "2012.05.05"]
[Round "6"]
[White "Hudde, Marnie"]
[Black "Lange, Anika"]
[Result "0-1"]
[Termination "normal"]
[Board "4.2"]
[WhiteElo "800"]
[BlackElo "1523"]
[WhiteTeam "Immanuel-Kant-Gymnasium Dortmund"]
[BlackTeam "Athenaeum Stade"]
[PlyCount "82"]
[BlackFideId "24693405"]
[EventCountry "GER"]
[EventRounds "7"]
[EventType "team-swiss"]
[EventDate "2012.05.03"]

1. e4 c5 2. Nc3 Nc6 3. Bc4 e6 4. Nf3 d6 5. d3 Nf6 6. Bg5 Be7 7. Qe2 O-O 8. Qe3
b6 9. Rd1 Nb4 10. Bb3 Bb7 11. a3 Nc6 12. Bc4 Qc7 13. h3 Rad8 14. Bxf6 Bxf6 15.
O-O Nd4 16. Rd2 d5 17. e5 Nxf3+ 18. Qxf3 dxc4 19. Nb5 Qb8 20. Qe2 cxd3 21. Rxd3
Rxd3 22. exf6 Rd5 23. fxg7 Kxg7 24. Qg4+ Kh8 25. Nc3 Rd4 26. Qe2 Rg8 27. f3 Qf4
28. Ne4 Bxe4 29. fxe4 Qxe4 30. Qf2 Qf5 31. Qe3 Qg5 32. Qe2 Rd2 33. Qg4 Rxg2+
34. Kxg2 Qd2+ 35. Rf2 Rxg4+ 36. hxg4 Qd5+ 37. Kg3 e5 38. Re2 f6 39. b3 Kg7 40.
Kh4 Kg6 41. Rh2 e4 0-1

[Event "DSM WK M 2012"]
[Site "Karlsruhe GER"]
[Date "2012.05.05"]
[Round "6"]
[White "Gerdts, Martina"]
[Black "Zelbel, Chantal"]
[Result "1/2-1/2"]
[Termination "normal"]
[Board "4.3"]
[WhiteElo "1071"]
[BlackElo "976"]
[WhiteTeam "Athenaeum Stade"]
[BlackTeam "Immanuel-Kant-Gymnasium Dortmund"]
[PlyCount "63"]
[WhiteFideId "12930628"]
[EventCountry "GER"]
[EventRounds "7"]
[EventType "team-swiss"]
[EventDate "2012.05.03"]

1. d4 d5 2. c4 e6 3. Nc3 Nf6 4. Bg5 Bb4 5. Nf3 h6 6. Bh4 g5 7. Bg3 Ne4 8. Qb3
Ba5 9. e3 Nc6 10. Bd3 Nb4 11. Rd1 Bd7 12. a3 Na2 13. Bxe4 dxe4 14. Nd2 Nxc3 15.
bxc3 Bc6 16. O-O h5 17. f3 exf3 18. Nxf3 h4 19. Be1 Bxf3 20. Rxf3 g4 21. Rf4 g3
22. h3 Rb8 23. e4 Qg5 24. Bd2 Qh5 25. Rdf1 Rh7 26. d5 Bb6+ 27. Kh1 e5 28. Rf5
Qe2 29. Rxe5+ Kf8 30. Qd1 Qxc4 31. Qf3 Bf2 32. Be3 1/2-1/2

[Event "DSM WK M 2012"]
[Site "Karlsruhe GER"]
[Date "2012.05.05"]
[Round "6"]
[White "Liberis, Angelina"]
[Black "Steffens, Skrolan"]
[Result "0-1"]
[Termination "normal"]
[Board "4.4"]
[WhiteElo "800"]
[BlackElo "800"]
[WhiteTeam "Immanuel-Kant-Gymnasium Dortmund"]
[BlackTeam "Athenaeum Stade"]
[PlyCount "80"]
[EventCountry "GER"]
[EventRounds "7"]
[EventType "team-swiss"]
[EventDate "2012.05.03"]

1. e4 c5 2. Bb5 a6 3. Ba4 b5 4. Bb3 c4 5. d3 cxb3 6. cxb3 Nc6 7. a4 b4 8. Bf4
e5 9. Be3 Nge7 10. Nd2 g6 11. Ngf3 Bg7 12. Nc4 d5 13. Nb6 Rb8 14. Nxc8 Rxc8 15.
Bg5 O-O 16. h3 Qd6 17. Rc1 f6 18. Bh4 Bh6 19. Rc2 f5 20. exd5 Nxd5 21. O-O Nf4
22. Ng5 Qd5 23. Qf3 Nd4 24. Qxd5+ Nxd5 25. Rd2 Nxb3 26. Re2 Rfe8 27. Nf3 Bg7
28. Bg3 Nf4 29. Rfe1 Nxe2+ 30. Rxe2 f4 31. Bh4 h6 32. g3 g5 33. Bxg5 hxg5 34.
gxf4 gxf4 35. d4 Nxd4 36. Nxd4 exd4 37. Rd2 f3 38. Kh2 Be5+ 39. Kh1 Rc1+ 40.
Rd1 Rxd1# 0-1

[Event "DSM WK M 2012"]
[Site "Karlsruhe GER"]
[Date "2012.05.05"]
[Round "6"]
[White "Wiesner, Paula"]
[Black "Polert, Annika"]
[Result "1-0"]
[Termination "normal"]
[Board "5.1"]
[WhiteElo "1776"]
[BlackElo "1806"]
[WhiteTeam "Goethe-Gymnasium Karlsruhe"]
[BlackTeam "Gymnasium Harksheide"]
[PlyCount "77"]
[WhiteFideId "24654019"]
[BlackFideId "24692328"]
[EventCountry "GER"]
[EventRounds "7"]
[EventType "team-swiss"]
[EventDate "2012.05.03"]

1. e4 c5 2. c3 d5 3. exd5 Qxd5 4. d4 Nc6 5. Nf3 Bg4 6. Be2 Nf6 7. O-O cxd4 8.
cxd4 e6 9. Nc3 Qd8 10. Be3 Be7 11. Qb3 Qc8 12. d5 exd5 13. Nxd5 Nxd5 14. Qxd5
O-O 15. h3 Be6 16. Qb5 Rd8 17. Rac1 Rd5 18. Qa4 Qd7 19. Bb5 Rxb5 20. Qxb5 a6
21. Qa4 Qd5 22. Rfd1 Qh5 23. Nd4 Nxd4 24. Qxd4 Qg6 25. Kh1 Qh5 26. Qe4 g5 27.
Qe5 Bg4 28. Re1 Bd8 29. Bd4 f6 30. Qe8+ Qxe8 31. Rxe8+ Kf7 32. Rce1 Bd7 33.
R1e7+ Bxe7 34. Rxa8 Bc6 35. Rc8 Bd6 36. Bc3 Bd7 37. Rd8 Ke7 38. Bxf6+ Kxf6 39.
Rxd7 1-0

[Event "DSM WK M 2012"]
[Site "Karlsruhe GER"]
[Date "2012.05.05"]
[Round "6"]
[White "Köhler, Inken"]
[Black "Henke, Hanna"]
[Result "1-0"]
[Termination "normal"]
[Board "5.2"]
[WhiteElo "1310"]
[BlackElo "916"]
[WhiteTeam "Gymnasium Harksheide"]
[BlackTeam "Goethe-Gymnasium Karlsruhe"]
[PlyCount "29"]
[WhiteFideId "12929301"]
[BlackFideId "12964441"]
[EventCountry "GER"]
[EventRounds "7"]
[EventType "team-swiss"]
[EventDate "2012.05.03"]

1. e4 e5 2. Nf3 Nc6 3. d4 exd4 4. Nxd4 Bc5 5. Be3 Nf6 6. Nxc6 bxc6 7. Bxc5 Nxe4
8. Qe2 d5 9. f3 Be6 10. fxe4 dxe4 11. Qxe4 Qd7 12. Bb5 O-O-O 13. Ba6+ Kb8 14.
Qb4+ Ka8 15. Qb7# 1-0

[Event "DSM WK M 2012"]
[Site "Karlsruhe GER"]
[Date "2012.05.05"]
[Round "6"]
[White "Ketterer, Beatrice"]
[Black "Hackbarth, Rieke Marie"]
[Result "1-0"]
[Termination "normal"]
[Board "5.3"]
[WhiteElo "785"]
[BlackElo "800"]
[WhiteTeam "Goethe-Gymnasium Karlsruhe"]
[BlackTeam "Gymnasium Harksheide"]
[PlyCount "65"]
[WhiteFideId "12983411"]
[EventCountry "GER"]
[EventRounds "7"]
[EventType "team-swiss"]
[EventDate "2012.05.03"]

1. e4 e5 2. Nf3 Nc6 3. Bc4 Bc5 4. O-O Nf6 5. d3 h6 6. Nc3 O-O 7. Nd5 d6 8. h3
Bd7 9. Qe2 Be6 10. Be3 Bb4 11. c3 Ba5 12. d4 exd4 13. Bxd4 Ne5 14. Bxe5 dxe5
15. Rad1 Qe8 16. Nxe5 c6 17. Nxf6+ gxf6 18. Bxe6 fxe6 19. Ng4 Rd8 20. Nxh6+ Kh8
21. Qg4 Rxd1 22. Rxd1 Bc7 23. Rd3 Qd8 24. Rxd8 Rxd8 25. Nf7+ Kh7 26. Nxd8 Bxd8
27. h4 f5 28. exf5 exf5 29. Qg3 b5 30. h5 a5 31. Qg6+ Kh8 32. h6 a4 33. Qg7#
1-0

[Event "DSM WK M 2012"]
[Site "Karlsruhe GER"]
[Date "2012.05.05"]
[Round "6"]
[White "Bahr, Hannah"]
[Black "Kipp, Emma"]
[Result "0-1"]
[Termination "normal"]
[Board "5.4"]
[WhiteElo "800"]
[BlackElo "800"]
[WhiteTeam "Gymnasium Harksheide"]
[BlackTeam "Goethe-Gymnasium Karlsruhe"]
[PlyCount "49"]
[EventCountry "GER"]
[EventRounds "7"]
[EventType "team-swiss"]
[EventDate "2012.05.03"]

1. e4 e5 2. Nc3 Bc5 3. Nf3 Nc6 4. Bc4 d6 5. h3 Nf6 6. O-O O-O 7. Ng5 Qe8 8. Bd5
Nb4 9. Nb1 c6 10. Qe1 cxd5 11. exd5 h6 12. Ne4 Nxe4 13. Qxe4 a5 14. d3 b6 15.
Nd2 g6 16. a3 Bf5 17. Qh4 Nxd5 18. Qxh6 Qe6 19. Nf3 Qf6 20. Bg5 Qh8 21. Qxh8+
Kxh8 22. Bf6+ Nxf6 23. Rfe1 Rfe8 24. b4 axb4 25. axb4 {(...44. Zug)} 0-1

[Event "DSM WK M 2012"]
[Site "Karlsruhe GER"]
[Date "2012.05.05"]
[Round "6"]
[White "Schmieder, Michelle"]
[Black "Lagunow, Elina"]
[Result "0-1"]
[Termination "normal"]
[Board "6.1"]
[WhiteElo "1210"]
[BlackElo "1684"]
[WhiteTeam "Clemens-Winkler-Gymnasium Aue"]
[BlackTeam "Heinrich-Schliemann-Gymnasium Berlin"]
[PlyCount "66"]
[BlackFideId "4673387"]
[EventCountry "GER"]
[EventRounds "7"]
[EventType "team-swiss"]
[EventDate "2012.05.03"]

1. e4 c5 2. Nf3 Nc6 3. d4 cxd4 4. Nxd4 g6 5. Nc3 Bg7 6. Be3 Nf6 7. Bc4 Qa5 8.
Nb3 Qc7 9. Qe2 a6 10. O-O-O b5 11. Bd5 Bb7 12. g3 d6 13. f3 O-O 14. Rhg1 e6 15.
Bxc6 Bxc6 16. a3 d5 17. exd5 Bxd5 18. Bf4 Qc6 19. Nxd5 Nxd5 20. Be5 f6 21. Bd4
e5 22. Bf2 a5 23. Qd2 Rfd8 24. Nxa5 Qc7 25. Nb3 Bf8 26. Qd3 Nb4 27. Qc3 Na2+
28. Kb1 Nxc3+ 29. bxc3 Qxc3 30. Rxd8 Rxd8 31. Rc1 Bxa3 32. Bd4 Rxd4 33. Nxd4
Qb2# 0-1

[Event "DSM WK M 2012"]
[Site "Karlsruhe GER"]
[Date "2012.05.05"]
[Round "6"]
[White "Greßmann, Hanna"]
[Black "Kluge, Leyla"]
[Result "1/2-1/2"]
[Termination "normal"]
[Board "6.2"]
[WhiteElo "1490"]
[BlackElo "1372"]
[WhiteTeam "Heinrich-Schliemann-Gymnasium Berlin"]
[BlackTeam "Clemens-Winkler-Gymnasium Aue"]
[PlyCount "48"]
[WhiteFideId "12930709"]
[BlackFideId "12918172"]
[EventCountry "GER"]
[EventRounds "7"]
[EventType "team-swiss"]
[EventDate "2012.05.03"]

1. d4 d5 2. Nf3 Nf6 3. Nbd2 e6 4. e3 Be7 5. Bd3 Nbd7 6. O-O O-O 7. e4 dxe4 8.
Nxe4 Nxe4 9. Bxe4 Nf6 10. Bd3 b6 11. c4 Bb7 12. Ne5 c5 13. dxc5 Bxc5 14. Bg5
Be7 15. Qc2 h6 16. Bh4 Qc7 17. Rfe1 Rac8 18. Rac1 Rfd8 19. f4 Rd4 20. Kh1 a6
21. Rcd1 Rdd8 22. Rc1 Rd4 23. Bf2 Rdd8 24. Qb3 Bc5 1/2-1/2

[Event "DSM WK M 2012"]
[Site "Karlsruhe GER"]
[Date "2012.05.05"]
[Round "6"]
[White "Boden, Talitha"]
[Black "Piyamit, Sophia"]
[Result "1-0"]
[Termination "normal"]
[Board "6.3"]
[WhiteElo "964"]
[BlackElo "800"]
[WhiteTeam "Clemens-Winkler-Gymnasium Aue"]
[BlackTeam "Heinrich-Schliemann-Gymnasium Berlin"]
[PlyCount "81"]
[EventCountry "GER"]
[EventRounds "7"]
[EventType "team-swiss"]
[EventDate "2012.05.03"]

1. e4 e5 2. Nf3 Nc6 3. Nc3 Nf6 4. g3 d6 5. d3 Be7 6. Bg2 O-O 7. O-O b6 8. Be3
Na5 9. Qd2 Bb7 10. d4 Nc6 11. Rfd1 a5 12. Qe2 Qe8 13. dxe5 dxe5 14. a3 Bd6 15.
Rd2 Rd8 16. Rad1 Qe7 17. Nd5 Nb8 18. Nxe7+ Bxe7 19. Rxd8 Bxd8 20. Nd2 Nfd7 21.
Nb1 c6 22. Nc3 Na6 23. Rxd7 Nb8 24. Rd6 Be7 25. Rd2 Rc8 26. Bxb6 Bf8 27. Bxa5
c5 28. Qd1 Be7 29. Nd5 Bg5 30. Rd3 Re8 31. Bc7 Nd7 32. Ne3 Rc8 33. Rxd7 Bc6 34.
Rd8+ Be8 35. Rxc8 h6 36. Rxe8+ Kh7 37. Qd6 f6 38. Qe7 Kg6 39. Bf3 c4 40. Rg8
Kh7 41. Qxg7# 1-0

[Event "DSM WK M 2012"]
[Site "Karlsruhe GER"]
[Date "2012.05.05"]
[Round "6"]
[White "Kluge, Helene"]
[Black "Koller, Vivien"]
[Result "1-0"]
[Termination "normal"]
[Board "6.4"]
[WhiteElo "831"]
[BlackElo "835"]
[WhiteTeam "Heinrich-Schliemann-Gymnasium Berlin"]
[BlackTeam "Clemens-Winkler-Gymnasium Aue"]
[PlyCount "123"]
[WhiteFideId "12983179"]
[EventCountry "GER"]
[EventRounds "7"]
[EventType "team-swiss"]
[EventDate "2012.05.03"]

1. d4 d5 2. Nf3 Nc6 3. Nbd2 Nf6 4. e3 g6 5. c3 a6 6. Bd3 Bg7 7. O-O Bg4 8. h3
Bxf3 9. Qxf3 O-O 10. Qd1 Qd6 11. e4 Bh6 12. Re1 Bf4 13. Nf3 Nh5 14. Bxf4 Qxf4
15. exd5 Nd8 16. Rxe7 Qd6 17. Re5 f6 18. Re1 Nf7 19. Bc4 b5 20. Bb3 Qf4 21. Qc1
Nd6 22. Qxf4 Nxf4 23. Re7 Rfe8 24. Rae1 Nd3 25. Rxe8+ Nxe8 26. Re2 Nd6 27. Ne1
Nf4 28. Re3 Nf5 29. Re4 g5 30. g3 Nxh3+ 31. Kg2 g4 32. Rxg4+ Ng5 33. f4 Ne3+
34. Kg1 Nxg4 35. fxg5 fxg5 36. Nf3 h6 37. d6+ Kg7 38. dxc7 Rc8 39. a4 Rxc7 40.
axb5 axb5 41. d5 Rd7 42. c4 bxc4 43. Bxc4 Rb7 44. b3 Rf7 45. Nd4 Re7 46. Nf5+
Kf6 47. Nxe7 Kxe7 48. b4 Ne5 49. Bb3 Kd7 50. Kf1 Nd3 51. b5 Kc7 52. Kg2 Nb4 53.
Kf3 Kb6 54. d6 Kxb5 55. d7 Nc6 56. Kg4 Kb6 57. Bd5 Kc7 58. Bxc6 Kd8 59. Kh5 Ke7
60. Kxh6 g4 61. Kh5 Ke6 62. d8=Q 1-0

[Event "DSM WK M 2012"]
[Site "Karlsruhe GER"]
[Date "2012.05.05"]
[Round "6"]
[White "König, Isabel"]
[Black "Petric, Vivien"]
[Result "0-1"]
[Termination "normal"]
[Board "7.1"]
[WhiteElo "1099"]
[BlackElo "844"]
[WhiteTeam "Gymnasium Altenholz"]
[BlackTeam "Salier-Gymnasium Waiblingen"]
[PlyCount "118"]
[WhiteFideId "16210000"]
[EventCountry "GER"]
[EventRounds "7"]
[EventType "team-swiss"]
[EventDate "2012.05.03"]

1. c4 e5 2. Nf3 Nc6 3. Nc3 Nf6 4. e3 Bc5 5. d3 d6 6. Be2 Bf5 7. O-O a6 8. a3
O-O 9. b4 Ba7 10. Bb2 h6 11. Nd5 Nxd5 12. cxd5 Ne7 13. e4 Bg6 14. Rc1 Rc8 15.
Re1 c6 16. dxc6 Rxc6 17. Qd2 Qd7 18. Rxc6 Qxc6 19. Rc1 Qb6 20. Bd1 Bh5 21. Rc4
Qd8 22. d4 b5 23. Rc2 Bg6 24. dxe5 dxe5 25. Nxe5 Bxe4 26. Qxd8 Rxd8 27. Rc1 Re8
28. Rc3 Ng6 29. Nxg6 Bxg6 30. g3 Bf5 31. Bf3 Bd4 32. Rc6 Bh3 33. Rc1 Bxb2 34.
Rd1 Bxa3 35. Bb7 Bxb4 36. Bxa6 Rb8 37. Rb1 Ra8 38. Bxb5 Be7 39. f4 Bf5 40. Rc1
Rc8 41. Re1 Rb8 42. Bc4 Be6 43. Bxe6 fxe6 44. Rxe6 Bc5+ 45. Kg2 Kf7 46. Rc6 Be7
47. Rc7 Rb5 48. g4 g5 49. fxg5 Rxg5 50. Kg3 h5 51. h3 hxg4 52. hxg4 Rg7 53. Kf4
Kg6 54. Rc6+ Kh7 55. Kf5 Rf7+ 56. Ke4 Kg7 57. Rc5 Bxc5 58. Ke5 Rf8 59. Ke4 Kg6
0-1

[Event "DSM WK M 2012"]
[Site "Karlsruhe GER"]
[Date "2012.05.05"]
[Round "6"]
[White "Schimmelpfennig, Desirée"]
[Black "Caliebe, Nanke"]
[Result "1/2-1/2"]
[Termination "normal"]
[Board "7.2"]
[WhiteElo "939"]
[BlackElo "867"]
[WhiteTeam "Salier-Gymnasium Waiblingen"]
[BlackTeam "Gymnasium Altenholz"]
[PlyCount "70"]
[BlackFideId "12980528"]
[EventCountry "GER"]
[EventRounds "7"]
[EventType "team-swiss"]
[EventDate "2012.05.03"]

1. e4 c5 2. Nc3 e6 3. Bc4 d6 4. d3 Nd7 5. Nf3 Ngf6 6. O-O Be7 7. h3 O-O 8. Be3
a6 9. a4 d5 10. exd5 Nb6 11. dxe6 Bxe6 12. Bxe6 fxe6 13. Ng5 Nfd5 14. Nxe6 Nxe3
15. fxe3 Rxf1+ 16. Qxf1 Qd6 17. Nf4 Rf8 18. Qf3 Qe5 19. Rf1 c4 20. d4 Qc7 21.
a5 Nd7 22. Ncd5 Qd6 23. Nxe7+ Qxe7 24. Qd5+ Kh8 25. Qh5 Qxe3+ 26. Kh1 Rxf4 27.
Rxf4 Qxf4 28. Qe8+ Nf8 29. Qe5 Qc1+ 30. Kh2 Qxc2 31. d5 Qa4 32. d6 h6 33. Qe7
Kg8 34. Qxb7 Qxa5 35. d7 Qe5+ 1/2-1/2